01349nam a2200229Ia 4500008004100000020001500041041001200056082001600068100002200084245006100106260003500167300000800202650001700210700002000227942000700247999001500254952017200269952016100441952017200602952017200774952017300946221030s9999 xx 000 0 und d a8170147603 aEnglish a105.23bSun aK. P. M. Sundhram 0aEconomic Analysiscby K. P. M. Sundhram, E. N. Sundharam bS. Chand & CoaNew Delhic2002 a844 aBE Economics aE. N. Sundharam cBK c2161d2161 pBE 6938g160.00l0o105.23 Sunr2024-06-13 00:00:00w2022-10-30yBK003Print4070aMIETLIBbMIETLIBcBL-Academic Block- A, FL-1, CUP-89, SH-2, R-2d2003-08-1110HBE pBE 6936g160.00l0o105.23 Sunr2024-06-13 00:00:00w2022-10-30yBK003Print4071aMIETLIBbMIETLIBcBL-Second, FL-1, CUP-78, SH-3, R-3d2003-08-1110HBE pBE 6937g160.00l0o105.23 Sunr2024-06-13 00:00:00w2022-10-30yBK003Print4070aMIETLIBbMIETLIBcBL-Academic Block- A, FL-1, CUP-89, SH-2, R-2d2003-08-1110HBE pBE 6939g160.00l0o105.23 Sunr2024-06-13 00:00:00w2022-10-30yBK003Print4070aMIETLIBbMIETLIBcBL-Academic Block- A, FL-1, CUP-89, SH-2, R-2d2003-08-1110HBE pBE 6940g160.00l0o105.23 Sundr2024-06-13 00:00:00w2022-10-30yBK003Print4070aMIETLIBbMIETLIBcBL-Academic Block- A, FL-1, CUP-89, SH-2, R-2d2003-08-1110HBE